English and its teaching / (Record no. 185326)

000 -LEADER
fixed length control field 00908 a2200205 4500
003 - CONTROL NUMBER IDENTIFIER
control field NUST
005 - DATE AND TIME OF LATEST TRANSACTION
control field 20230118153607.0
010 ## - LIBRARY OF CONGRESS CONTROL NUMBER
LC control number 72077983
020 ## - INTERNATIONAL STANDARD BOOK NUMBER
International Standard Book Number 0882240048
040 ## - CATALOGING SOURCE
Transcribing agency Nust
082 00 - DEWEY DECIMAL CLASSIFICATION NUMBER
Classification number 718.4,RIC
100 1# - MAIN ENTRY--PERSONAL NAME
Personal name Rice, Frank M.
9 (RLIN) 38850
245 10 - TITLE STATEMENT
Title English and its teaching /
Statement of responsibility, etc. Frank M. Rice.
260 ## - PUBLICATION, DISTRIBUTION, ETC.
Place of publication, distribution, etc. Lincoln, Neb.,
Name of publisher, distributor, etc. Professional Educators Publications
Date of publication, distribution, etc. [1972]
300 ## - PHYSICAL DESCRIPTION
Extent 98 p.;
Dimensions 23 cm.
490 0# - SERIES STATEMENT
Series statement The Professional education series
505 ## - FORMATTED CONTENTS NOTE
Formatted contents note On Becoming a Teacher of English (Page-7), The Revolt Against Traditional English Programming (Page-14), New Developments in Literature Curricula and Their Teaching (Page-23), New Developments in Composition Curricula and Their Teaching (Page-54), A Miscellany Concerning The Teaching of English and The Curriculum (Page-72).
650 #0 - SUBJECT ADDED ENTRY--TOPICAL TERM
Topical term or geographic name entry element English language
General subdivision Study and teaching (Secondary)
9 (RLIN) 38851
942 ## - ADDED ENTRY ELEMENTS (KOHA)
Source of classification or shelving scheme
Koha item type Book
Call number prefix 418.4,RIC
Holdings
Withdrawn status Lost status Source of classification or shelving scheme Damaged status Not for loan Permanent Location Current Location Shelving location Date acquired Full call number Barcode Date last seen Price effective from Koha item type Public note
          Military College of Signals (MCS) Military College of Signals (MCS) General Stacks 12/12/2016 418.4,RIC MCS20597 12/08/2016 12/12/2016 Book Almirah No.54, Shelf No.5
          Military College of Signals (MCS) Military College of Signals (MCS) General Stacks 12/12/2016 418.4,RIC MCS20808 12/08/2016 12/12/2016 Book Almirah No.54, Shelf No.5
© 2023 Central Library, National University of Sciences and Technology. All Rights Reserved.